Populačná výzva

Súvislosti medzi ekonomickou výkonnosťou a starnutím populácie. Procesy demografických zmien a demografické hľadiská vyspelých a rozvojových krajín. Príjmová nerovnosť medzi regiónmi a medzinárodná spolupráca.

Salvato in:
Dettagli Bibliografici
Autore principale: Bloom, David
Natura: Capitolo di libro
Lingua:slovacco
Soggetti:
Tags: Aggiungi Tag
Nessun Tag, puoi essere il primo ad aggiungerne!!

MARC

LEADER 00000naa a2200000 4500
001 0146337
005 20220725111543.2
041 0 |a slo 
044 |a SK 
245 1 0 |a Populačná výzva  |c David Bloom 
520 |a Súvislosti medzi ekonomickou výkonnosťou a starnutím populácie. Procesy demografických zmien a demografické hľadiská vyspelých a rozvojových krajín. Príjmová nerovnosť medzi regiónmi a medzinárodná spolupráca. 
610 2 0 |a demografia 
610 2 0 |a rozmiestenie obyvateľstva 
610 2 0 |a skupiny vekové 
610 2 0 |a starnutie populácie 
610 2 0 |a demografia sociálna 
610 2 0 |a demografia ekonomická 
610 2 0 |a ukazovatele demografické 
610 2 0 |a svet 
100 1 |a Bloom, David